Guess the ateez song by english lyrics - Statistics

General Stats
  • This quiz has been taken 33 times
    6 since last reset
  • The average score is 48 of 84
Answer Stats
Hint Answer % Correct
ive been searching for an empty box thats what i need / and ill never miss you (ill never miss youu) empty box
100%
ice on my teeth or ice in my mouth.... yeah like this ice on my teeth
100%
we can touch utopia, we can reach there utopia (woah-oh-ooh-oh) utopia
100%
arriba ay oh skrt skrt skrt arriba
80%
im dancinng in the ash ash
80%
why soo serioussss like my birthday like my paycheck birthday
80%
sloww it dowwwn make it bounccy chicken butterfly bouncy
80%
celebrate for YOUUUUUUUU celebrate for YOUUUUU yEAH celebrate
80%
DANCING LIKE BUTTERFLY WINGS OH WOAH-OH OH WOAH-OH dancing like butterfly wings
80%
diving deep im getting closer to this emptiness deep dive
80%
i want you so bad oh deja vu
80%
we shine like eternal sunshine SOO BRIGHHTT eternal sunshine
80%
youuurreee my everrrryyythinggg everything
80%
break that walllll break that walllll guerilla
80%
deep in my heart deep in my soul hala hala
80%
yeah its you ouh ouh ouh its you
80%
lemon drop lemon drop closeerrr lemon drop
80%
open up your eyes open up your eyes open up your mind open up your mind oh new world cant you feel the storm cant you feel the storm cant you see me now cant you see me now oh now world new world
80%
are you gonna let it repeat again? / lets keep it loud want some more, lets shoot it out want some more not okay
80%
that piece of me that never left has much to see to not regret what ur to be dont have to be u never knnooww what round the bend mothers to daughterss who turn sons into fatherss in time we all get talller while sometimes feeeling smallller now this house aint a home
80%
will you be my friend pirate king
80%
THEY SUCH A PROBLEM THEY PURE SATIRE THEYRE STUCK IN DRAMA THEYRE FAKE BUT VIRAL roar
80%
every night ill be your signnnnnnnn Sagittarius
80%
lets go into the sector 1 fighters fighting killers killing... boys get in line (are you ready for the game?) sector 1
80%
i dont care bout what you think cause i just want some moreeeeeeeeeeee am i late to the party next door?/ swag your body shaboom shaboom
80%
ringing siren ringing siren siren
80%
hey slide to me no need for words / moving smooth across the floor / dont stop come touch the line, you can show me 'nother way slide to me
80%
looking for star, looking for love star 1117
80%
somebody taaaake me home / take me please out of the dark take me home
80%
nero nero nero nero the black cat nero
80%
tippy toes you cant hear me / we drop it low low low low yeah we getting down like woah woah woah woah / follow my lead tippy toes
80%
this is how i feel about you twilight, its like twilight yea oh baby i just wanna see that twilight, wanna see that with you twilight
80%
hey you can hear my voice i know it *korean* your eyes let me take you there fdaodja so wake upppppppp ohhhhhhhhhhh woahhhhhhhhhAHHhhh wake up
80%
hakuna matata yeah oh ohh wave
80%
GOTTA MAKE THAT MONEY MAKE PURSE GOT A FUR COAT work
80%
12 midnight night 12 midnight
60%
gasoline in my blood, im set to burn this track / I GET YOURE NERRVOUSS GUESS THATS YOUR PURPOSEE adrenaline
60%
1,2,3, lets burn / like a thunder answer
60%
i love hearing ur whisperrr echo off these walllss creep
60%
hey little boy, why you look down? good lil boy
60%
everyday and night im gon chase you (im in love) im dream in a dream every night inception
60%
wanna take u sky high walkin down a fine line no more mr nice guy think you know what im like in your fantasy
60%
yeah im losing control, im losing my mind, im losing myself straight to the middle of the fire, aint no slowing down man on fire
60%
CUZ IMA GO DOWN THIS ROAD TONIGHT GO LEFT, GO RIGHT on the road
60%
thank you for being on my sideeeee thank u
60%
black suit and tie / okay okay okay right the leaders
60%
IM READY FOR THE DARK IM READY FOR THIS WORRRRLDDD this world
60%
play that groove and repeat shake it shake it to the beat / ill make you say wow, to the left, to the right to the beat
60%
Final destination... right up, ima bling bling treasure
60%
we dont know who is next / but we know what is next ayeee we are gonna win rocky rocky rocky rocky win
60%
i wanna feel alive dont wanna staaay in the dark/ who am i, i, mine cyberpunk
40%
oh i just cant help it myself yeah / my heart beating so fast, heart beating so fast desire
40%
heavens door~~ mm day oh day oh hey / run away run away far awaaayyyy i cant take it anymore may day mayday mayday fade out fade out fade out dune
40%
who has got my back who has got my back who is gonna play who is gonna play drink up one more drink up get more emergency
40%
remember your old dream / face to face face this way as one we have to stand together face
40%
oh na, na, think about that fireworks (im the one)
40%
pain to gain dust to flame... your face, making your brain/ know you want it more, more than me ghost
40%
who the hell are u BEFIRST who the hell are you ATEEZ WHO THE HELL ARE U WHO THE HELL ARE U GOTTA WAKE UPPP hush hush
40%
million dollar rings shiny pieces aint my thing though yeh yeh guess u realize masterpiece
40%
pay euro play dollar pay eruru play blah blah / TWO MEN WE ON FIRE WIHOMHAE matz
40%
WHY, WHY AM I AFRAIIDD mist
40%
you wanna knowww im on firee ..... hey lets keep it for real.. suruel your gonna seee your terrifierr... NOW U FEEL ITS GOING ONNNNNNN outlaw
40%
no one take you down promise
40%
you gonna watch my throooone OHHHHHH royal
40%
through the rainstorm through the darkenss fly away into the daylightgetting close to paridise jeo silver light
40%
im waiting for that touch, the way she moves, wildfire skin
40%
no matter what some people say no matter what some people hate no matter what the things that make you sick JUST KEEP IT UP sunrise
40%
who you who am i? dazzling light
20%
come in my world come in my world yeah yeah /... bittersweet we take you anywhere yeah yeah dont stop
20%
come to fame, level set power. / now you gonna take me there 2x horizon
20%
if without youuuuuuuuuuuu if without uuuuuuuu if without you
20%
let me free / dont wake me up oh oh illusion
20%
what are you waiting for 2x legacy
20%
we gonna be a winner limitless
20%
okay okay right hands up to the sky okay okay on the spot now its time we shine no1
20%
ohhh new revaluttioon.... so tell me how you wanttt it / paradigm
20%
yah, how can i stop precious
20%
HEY YOU BE QUEIT... DONT SAY A WORD JUST SURRENDER selfish waltz
20%
wait stop it let it happen and flow like tears, pains nothing we gon get over this no fear still here
20%
I NEVER GO BACK... AY YEA YEA YEA I NEVER GO AWAY / YEAH SET ME FREE IM JUST CHASING FREEDOM NEVER NOT AFRAID OH NO NO FEAR NO SMYPHONY the king
20%
dont be afriad open your eyes, follow me come into the light/ im not okay, im not okay the ring
20%
uh oh where do i gooo, low, low, low diving deeperr wdig
20%
you dont know my type, yeah, you dont know my mind yea but i know what you want / you better run, hide and sleep coming close on ya then i got ya we know
20%
only wanna be with youuuu with u
20%
No matching quizzes found
Score Distribution
Percent of People with Each Score
Percentile by Number Answered
Your Score History
You have not taken this quiz since the last reset